Logo BPK

Biblioteka

Politechniki Koszalińskiej

Zarządzanie ryzykiem bankowym w praktyce : (Rekord nr 54699)

Szczegóły MARC
000 -ETYKIETA REKORDU
podpole kontrolne o stałej długości 00676nam a2200217 i 4500
001 - NUMER KONTROLNY REKORDU
pole kontrolne bg
020 ## - MIĘDZYNARODOWY ZNORMALIZOWANY NUMER KSIĄŻKI - ISBN
ISBN 9788375560060
040 ## - ŹRÓDŁO KATALOGOWANIA
Instytucja, która utworzyła rekord BPK
041 0# - KOD JĘZYKA
Kod języka tekstu pol
044 ## - KOD KRAJU WYDAWCY/PRODUCENTA
Kod kraju wydawcy/producenta POL
080 ## - UNIWERSALNA KLASYFIKACJA DZIESIĘTNA - UKD
UKD 336.7
008 - POLE O STAŁEJ DŁUGOŚCI - DANE KONTROLNE
podpole kontrolne o stałej długości s pl f |000 0 pol
100 1# - NAZWA OSOBOWA
Nazwa osobowa Żółtkowski, Wiesław.
245 10 - TYTUŁ/ODPOWIEDZIALNOŚĆ
Tytuł Zarządzanie ryzykiem bankowym w praktyce :
Ciąg dalszy tytułu w kontekście nowej umowy kapitałowej (Basel II) /
Pozostałe elementy strefy tytułu i oznaczenia odpowiedzialności Wiesław Żółtkowski.
260 ## - STREFA ADRESU WYDAWNICZEGO
Miejsce wydania Warszawa :
Nazwa wydawcy/dystrybutora CeDeWu,
Data publikacji, dystrybucji/powstania dokumentu 2007.
300 ## - STREFA OPISU FIZYCZNEGO
Objętość 215 s. ;
Rozmiary 23 cm.
504 ## - UWAGA DOTYCZĄCA BIBLIOGRAFII
Informacje o bibliografii Bibliogr. s. 215.
650 #9 - HASŁO PRZEDMIOTOWE W FORMIE NAZWY OGÓLNEJ LUB JEDNOSTKOWEJ
Nazwa ogólna lub geograficzna Ryzyko bankowe
Określnik ogólny zarządzanie
856 ## - LOKALIZACJA I DOSTĘP DO ELEKTRONICZNYCH DOKUMENTÓW ZDALNYCH
Link (URL) http://koha.tu.koszalin.pl/cgi-bin/koha/opac-detail.pl?biblionumber=54699
Tekst linku Katalog online BPK
942 ## - DODATKOWE ELEMENTY (KOHA)
Typ dokumentu Książka
Egzemplarze
Wycofany Status egzemplarza Uszkodzony Dostępność Lokalizacja stała Lokalizacja bieżąca Miejsce przechowywania Sygnatura Kod kreskowy Dział Typ dokumentu Ostatnio wypożyczono
      Tylko na miejscu Biblioteka Politechniki Koszalińskiej Biblioteka Politechniki Koszalińskiej Czytelnia Wydziałowa ul. Kwiatkowskiego 6e 86657 02417240 336.71 Bankowość. Banki Książka  
      Dostępny Biblioteka Politechniki Koszalińskiej Biblioteka Politechniki Koszalińskiej Wypożyczalnia BG 86658 02417233   Książka 15.12.2015
© 2023 Biblioteka Politechniki Koszalińskiej :: KOHA